Govorite po-russki? I

Na minha lista:
Detalhes bibliográficos
Autor principal: Kvapil, Roman, 1971-
Autor Corporativo: Ekonomická univerzita v Bratislave. Fakulta aplikovaných jazykov
Outros Autores: Dziváková, Michaela, 1979-, Rechtoríková, Gabriela, Kollár, Dezider, Strelková, Katarína
Formato: Livro
Idioma:russo
eslovaco
Publicado em: Bratislava Vydavateľstvo EKONÓM 2015
Edição:2. preprac. a dopl. vyd.
Assuntos:
Tags: Adicionar Tag
Sem tags, seja o primeiro a adicionar uma tag!

MARC

LEADER 00000nam a2200000 4500
001 0207293
005 20240523104018.8
020 |a 978-80-225-4117-6 
041 0 |a rus 
041 0 |a slo 
044 |a SK 
245 1 0 |a Govorite po-russki? I  |c Roman Kvapil, Michaela Dziváková, Gabriela Rechtoríková ; recenzenti Dezider Kollár, Katarína Strelková 
250 |a 2. preprac. a dopl. vyd. 
264 1 |a Bratislava  |b Vydavateľstvo EKONÓM  |c 2015 
300 |a 123 s. [4,88 AH] 
610 2 0 |a jazykoveda 
610 2 0 |a terminológia 
610 2 0 |a jazyky cudzie 
100 1 |a Kvapil, Roman, 1971- 
700 1 |a Dziváková, Michaela, 1979- 
700 1 |a Rechtoríková, Gabriela 
700 1 |a Kollár, Dezider 
700 1 |a Strelková, Katarína 
710 2 |a Ekonomická univerzita v Bratislave. Fakulta aplikovaných jazykov